Catalog

Record Details

Catalog Search



Svědkové Jehovovi : hlasatelé Božího království Cover Image Book Book

Svědkové Jehovovi : hlasatelé Božího království

Record details

  • Physical Description: 749 s. : fotogr., obr. ; 24 cm
  • Publisher: New York : Watchtower Bible and Tract Society, 1993

Content descriptions

General Note:
Rejstř.
[Přel. z angl. orig.]

Available copies

  • 1 of 1 copy available at Common Catalog SPOK.

Holds

  • 0 current holds with 1 total copy.
Show Only Available Copies
Location Call Number / Copy Notes Barcode Shelving Location Status Due Date
Jabok Library RE-10.2 424480012901 Odborná literatura Available -

LDR 00704nam a2200229 a 4500
00112756
003CZ-PrJAB
00520190828140111.0
008940422s1993 xxu u cze
035 . ‡a(CZ PlERL)000038288
040 . ‡aPNA001 ‡bcze
080 . ‡a271/279 ‡2MRF-sel
24500. ‡aSvědkové Jehovovi : ‡bhlasatelé Božího království
260 . ‡aNew York : ‡bWatchtower Bible and Tract Society, ‡c1993
300 . ‡a749 s. : ‡bfotogr., obr. ; ‡c24 cm
500 . ‡aRejstř.
500 . ‡a[Přel. z angl. orig.]
6530 . ‡asvědkové Jehovovi ‡ajehovisté
7650 . ‡tJehovah's Witnesses - Proclaimers of God's Kingdom.
910 . ‡aABG312
995 . ‡aska
901 . ‡a12756 ‡bCZ PlERL ‡c12756 ‡tbiblio

Additional Resources